| Tag |
First Indicator |
Second Indicator |
Subfields |
| LEADER |
00000cam a2200000 a 4500 |
| 001 |
in00002436421 |
| 005 |
20151110040145.0 |
| 008 |
080625s2008 wau 000 0aeng |
| 015 |
|
|
|a GBA886457
|2 bnb
|
| 016 |
7 |
|
|a 014663068
|2 Uk
|
| 020 |
|
|
|a 9781932595321 (pbk.)
|
| 020 |
|
|
|a 1932595325 (pbk.)
|
| 035 |
|
|
|a (OCoLC)ocn216936951
|
| 035 |
|
|
|a (OCoLC)216936951
|
| 040 |
|
|
|a UKM
|c UKM
|d BTCTA
|d BAKER
|d YDXCP
|d BWX
|d OCLCQ
|d CDX
|d UtOrBLW
|
| 049 |
|
|
|a TXAM
|
| 050 |
|
4 |
|a VE25.B68
|b A3 2008
|
| 082 |
0 |
4 |
|a 956.7044345092
|a B
|2 22
|
| 100 |
1 |
|
|a Boudreau, Tyler E.
|
| 245 |
1 |
0 |
|a Packing inferno :
|b the unmaking of a Marine /
|c Tyler E. Boudreau.
|
| 264 |
|
1 |
|a Port Townsend, WA :
|b Feral House,
|c [2008]
|
| 264 |
|
4 |
|c ©2008
|
| 300 |
|
|
|a 226 pages ;
|c 22 cm.
|
| 336 |
|
|
|a text
|b txt
|2 rdacontent
|
| 337 |
|
|
|a unmediated
|b n
|2 rdamedia
|
| 338 |
|
|
|a volume
|b nc
|2 rdacarrier
|
| 600 |
1 |
0 |
|a Boudreau, Tyler E.
|x Mental health.
|
| 610 |
1 |
0 |
|a United States.
|b Marine Corps.
|
| 650 |
|
0 |
|a Marines
|x Mental health
|z United States
|v Biography.
|
| 650 |
|
0 |
|a Post-traumatic stress disorder
|x Patients
|z United States
|v Biography.
|
| 650 |
|
0 |
|a Iraq War, 2003-2011
|v Personal narratives, American.
|
| 650 |
|
0 |
|a Iraq War, 2003-2011
|x Naval operations, American.
|
| 650 |
|
0 |
|a Iraq War, 2003-2011
|x Psychological aspects.
|
| 650 |
|
0 |
|a Post-traumatic stress disorder
|x Treatment
|z United States.
|
| 938 |
|
|
|a Baker and Taylor
|b BTCP
|n BK0007706424
|
| 938 |
|
|
|a Baker & Taylor
|b BKTY
|c 16.95
|d 12.71
|i 1932595325
|n 0007706424
|s active
|
| 938 |
|
|
|a YBP Library Services
|b YANK
|n 2878899
|
| 938 |
|
|
|a Blackwell Book Service
|b BBUS
|n R2735543
|c $16.95
|
| 938 |
|
|
|a Coutts Information Services
|b COUT
|n 8190639
|c 10.99 GBP
|
| 945 |
|
|
|a PromptCat
|b 571969
|
| 946 |
|
|
|a stk
|
| 947 |
|
|
|a A14837402507
|
| 994 |
|
|
|a 92
|b TXA
|
| 948 |
|
|
|a cataloged
|b h
|d 2008/12/11
|h c
|e asalazar
|f 4:24:31 pm
|
| 999 |
|
|
|a MARS
|
| 999 |
f |
f |
|s 1f10b555-ba32-3209-95c6-79d0e844715e
|i 395c4c89-920c-34d4-9664-1f3948fb897b
|t 0
|
| 952 |
f |
f |
|p normal
|a Texas A&M University
|b College Station
|c Sterling C. Evans Library
|d Evans: Library Stacks
|t 0
|e VE25.B68 A3 2008
|h Library of Congress classification
|i unmediated -- volume
|m A14837402507
|
| 998 |
f |
f |
|a VE25.B68 A3 2008
|t 0
|l Evans: Library Stacks
|